[Event "Deutsche Ländermeisterschaft 2016"]
[Site "Hannover GER"]
[Date "2016.10.04"]
[Round "6"]
[White "Backens, Johannes"]
[Black "Polster, Christian"]
[Result "0-1"]
[Termination "normal"]
[Board "8.2"]
[WhiteElo "1934"]
[BlackElo "2309"]
[WhiteTeam "SG Saarland / Rheinland-Pfalz"]
[BlackTeam "Niedersachsen 1"]
[PlyCount "70"]
[WhiteFideId "12946389"]
[BlackFideId "12965081"]
[EventCountry "GER"]
[EventRounds "7"]
[EventType "team-swiss"]
[EventDate "2016.09.30"]

1. e4 c5 2. Nc3 Nc6 3. Bb5 Nd4 4. Bc4 a6 5. d3 b5 6. Bb3 e6 7. Nge2 Nxb3 8.
axb3 Bb7 9. O-O Nf6 10. f4 d5 11. e5 Nd7 12. f5 exf5 13. Nf4 d4 14. e6 Nf6 15.
Nce2 Bd6 16. exf7+ Kxf7 17. Ng3 g6 18. Nfh5 Qd7 19. Nxf6 Kxf6 20. Qg4 Bxg3 21.
Bg5+ Kg7 22. Qxg3 Rhe8 23. Rf2 Re6 24. Raf1 Rae8 25. Qh3 Qd5 26. Qf3 Qxf3 27.
gxf3 h6 28. Bd2 g5 29. h3 f4 30. Kg2 Kg6 31. Kh2 Kf5 32. Kg2 Bd5 33. Ra1 Bb7
34. Kf1 h5 35. Rd1 Re3 0-1

[Event "Deutsche Ländermeisterschaft 2016"]
[Site "Hannover GER"]
[Date "2016.10.04"]
[Round "6"]
[White "Reuker, Jari"]
[Black "Recktenwald, Cedric"]
[Result "1-0"]
[Termination "normal"]
[Board "8.3"]
[WhiteElo "2179"]
[BlackElo "1671"]
[WhiteTeam "Niedersachsen 1"]
[BlackTeam "SG Saarland / Rheinland-Pfalz"]
[PlyCount "39"]
[WhiteFideId "12909300"]
[BlackFideId "12971928"]
[EventCountry "GER"]
[EventRounds "7"]
[EventType "team-swiss"]
[EventDate "2016.09.30"]

1. e4 e6 2. d4 d5 3. Nd2 dxe4 4. Nxe4 Nd7 5. Nf3 Ngf6 6. Bd3 Nxe4 7. Bxe4 Nf6
8. Bg5 Be7 9. Bxf6 Bxf6 10. Qd3 g6 11. O-O-O O-O 12. h4 c5 13. h5 Qc7 14. hxg6
fxg6 15. Rh3 c4 16. Qe3 Bd7 17. Rdh1 Rf7 18. Ng5 Bxg5 19. Qxg5 Rg7 20. Rxh7 1-0

[Event "Deutsche Ländermeisterschaft 2016"]
[Site "Hannover GER"]
[Date "2016.10.04"]
[Round "6"]
[White "Tettmann, Ann-Kathrin"]
[Black "Böhm, Jana"]
[Result "1/2-1/2"]
[Termination "normal"]
[Board "8.4"]
[WhiteElo "1789"]
[BlackElo "1904"]
[WhiteTeam "SG Saarland / Rheinland-Pfalz"]
[BlackTeam "Niedersachsen 1"]
[PlyCount "48"]
[WhiteFideId "12945676"]
[BlackFideId "24661589"]
[EventCountry "GER"]
[EventRounds "7"]
[EventType "team-swiss"]
[EventDate "2016.09.30"]

1. g3 Nf6 2. Bg2 d5 3. d4 e6 4. c4 Be7 5. Nf3 b6 6. Nc3 Bb7 7. O-O O-O 8. b3 c5
9. cxd5 Nxd5 10. Bb2 Bf6 11. Ne4 Be7 12. dxc5 bxc5 13. Ned2 Nd7 14. e4 Nb4 15.
a3 Nd3 16. Qc2 Nxb2 17. Qxb2 Bf6 18. e5 Nxe5 19. Nxe5 Bxg2 20. Kxg2 Bxe5 21.
Qxe5 Qxd2 22. Qxc5 Rfd8 23. Rac1 h6 24. Qc3 Rd3 1/2-1/2

[Event "Deutsche Ländermeisterschaft 2016"]
[Site "Hannover GER"]
[Date "2016.10.04"]
[Round "6"]
[White "von Estorff, Jacob"]
[Black "Zimmer, Luca"]
[Result "0-1"]
[Termination "normal"]
[Board "8.5"]
[WhiteElo "1896"]
[BlackElo "1590"]
[WhiteTeam "Niedersachsen 1"]
[BlackTeam "SG Saarland / Rheinland-Pfalz"]
[PlyCount "80"]
[WhiteFideId "12974501"]
[BlackFideId "12921424"]
[EventCountry "GER"]
[EventRounds "7"]
[EventType "team-swiss"]
[EventDate "2016.09.30"]

1. e4 e6 2. d4 d5 3. e5 c5 4. c3 Nc6 5. Nf3 Bd7 6. Be2 f6 7. O-O fxe5 8. dxe5
Qc7 9. Re1 Nh6 10. c4 d4 11. Bf4 Nf7 12. Nbd2 Be7 13. Bg3 O-O-O 14. Bd3 Nb4 15.
Bb1 g5 16. h3 h5 17. a3 Nc6 18. Ne4 g4 19. hxg4 hxg4 20. Nh2 Qb6 21. Nxg4 Qxb2
22. Bd3 Qb6 23. Rb1 Qc7 24. Re2 b6 25. Nef6 Rdf8 26. Be4 Ng5 27. Bc2 Na5 28.
Ba4 Bc6 29. Bxc6 Qxc6 30. Qd3 Rd8 31. Bf4 Nf7 32. Qg6 d3 33. Rd2 Bxf6 34. Qxf7
Bh4 35. Qxa7 Rd7 36. Qa6+ Rb7 37. Rxd3 Rg8 38. Qa8+ Kc7 39. Qxg8 Nxc4 40. Qd8+
Bxd8 0-1

[Event "Deutsche Ländermeisterschaft 2016"]
[Site "Hannover GER"]
[Date "2016.10.04"]
[Round "6"]
[White "Jeschke, Jan"]
[Black "Evering, Sören"]
[Result "0-1"]
[Termination "normal"]
[Board "8.6"]
[WhiteElo "1249"]
[BlackElo "1853"]
[WhiteTeam "SG Saarland / Rheinland-Pfalz"]
[BlackTeam "Niedersachsen 1"]
[PlyCount "112"]
[WhiteFideId "16225430"]
[BlackFideId "12974650"]
[EventCountry "GER"]
[EventRounds "7"]
[EventType "team-swiss"]
[EventDate "2016.09.30"]

1. e4 e5 2. Nf3 Nc6 3. d4 exd4 4. Nxd4 Nf6 5. Nc3 Bb4 6. Nxc6 bxc6 7. Bd3 O-O
8. O-O d5 9. Bg5 h6 10. Bxf6 Qxf6 11. exd5 Bxc3 12. bxc3 cxd5 13. Qd2 Be6 14.
Rfe1 Rfe8 15. Bb5 Red8 16. Qd4 Qg6 17. Bd3 Bf5 18. Re3 Bxd3 19. cxd3 a6 20.
Rae1 Rab8 21. h3 Qd6 22. Qe5 Rb2 23. Qxd6 Rxd6 24. R3e2 Rxe2 25. Rxe2 Rc6 26.
Rc2 f6 27. f4 Kf7 28. Kf2 Ke6 29. Kf3 Rb6 30. d4 Rc6 31. g4 Rc4 32. Ke3 Kd6 33.
Kd3 c5 34. h4 Kc6 35. Kd2 cxd4 36. cxd4 Kb5 37. Rxc4 Kxc4 38. Ke3 Kc3 39. f5 a5
40. h5 a4 41. a3 Kb3 42. Kd3 Kb2 43. Kd2 Ka2 44. Kc2 Kxa3 45. Kc3 Ka2 46. Kc2
a3 47. Kc1 Kb3 48. Kb1 a2+ 49. Ka1 Kc3 50. Kxa2 Kxd4 51. Kb2 Ke3 52. Kc3 d4+
53. Kc2 Ke2 54. g5 d3+ 55. Kb2 d2 56. gxh6 gxh6 0-1

[Event "Deutsche Ländermeisterschaft 2016"]
[Site "Hannover GER"]
[Date "2016.10.04"]
[Round "6"]
[White "Mönster, Madita"]
[Black "Fuchs, Emily"]
[Result "1-0"]
[Termination "normal"]
[Board "8.7"]
[WhiteElo "1781"]
[BlackElo "1258"]
[WhiteTeam "Niedersachsen 1"]
[BlackTeam "SG Saarland / Rheinland-Pfalz"]
[PlyCount "49"]
[WhiteFideId "12947156"]
[BlackFideId "16208986"]
[EventCountry "GER"]
[EventRounds "7"]
[EventType "team-swiss"]
[EventDate "2016.09.30"]

1. e4 e5 2. Nf3 Nc6 3. Bb5 Nf6 4. O-O d6 5. d4 Bd7 6. Nc3 exd4 7. Nxd4 Nxd4 8.
Bxd7+ Qxd7 9. Qxd4 Be7 10. Bf4 O-O 11. Rad1 Rfe8 12. Rfe1 Bf8 13. Nd5 Nxd5 14.
Qxd5 b6 15. Qc4 g6 16. e5 Qe7 17. Kf1 Qh4 18. Re4 Qh5 19. Rde1 Bg7 20. exd6
Rxe4 21. Qxe4 cxd6 22. Qxa8+ Bf8 23. Bxd6 Qh6 24. Bxf8 Qxf8 25. Re8 1-0

[Event "Deutsche Ländermeisterschaft 2016"]
[Site "Hannover GER"]
[Date "2016.10.04"]
[Round "6"]
[White "Huppert, Anna"]
[Black "Reichelt, Lena"]
[Result "1-0"]
[Termination "normal"]
[Board "8.8"]
[WhiteElo "1066"]
[BlackElo "1450"]
[WhiteTeam "SG Saarland / Rheinland-Pfalz"]
[BlackTeam "Niedersachsen 1"]
[PlyCount "127"]
[WhiteFideId "16214439"]
[BlackFideId "12981184"]
[EventCountry "GER"]
[EventRounds "7"]
[EventType "team-swiss"]
[EventDate "2016.09.30"]

1. e4 e6 2. d4 d5 3. Nd2 Nf6 4. e5 Nfd7 5. Bd3 c5 6. c3 Nc6 7. Ne2 cxd4 8. cxd4
f6 9. exf6 Nxf6 10. Nf3 Bd6 11. O-O Qc7 12. Ng3 O-O 13. Re1 e5 14. dxe5 Nxe5
15. Nxe5 Bxe5 16. Qc2 Bxg3 17. fxg3 Qxc2 18. Bxc2 b6 19. Bg5 Ng4 20. Rad1 h6
21. Bf4 Bb7 22. Bb3 Nf6 23. Re7 Rf7 24. Rxf7 Kxf7 25. h3 g5 26. Be5 Re8 27.
Bxf6 Kxf6 28. Rf1+ Kg6 29. h4 g4 30. Rf4 h5 31. Bc2+ Kh6 32. Rf6+ Kg7 33. Rg6+
Kf8 34. Rf6+ Kg7 35. Rg6+ Kf8 36. Rg5 Re2 37. Rf5+ Kg7 38. Rg5+ Kf6 39. Bb3 d4
40. Rxh5 Rxg2+ 41. Kf1 Rxg3 42. Rh6+ Kg7 43. Rd6 Rf3+ 44. Ke2 d3+ 45. Kd2 Kf8
46. h5 Rh3 47. h6 Be4 48. Rf6+ Ke7 49. Re6+ Kd7 50. Rxe4 Rxh6 51. Rxg4 Rd6 52.
Ba4+ Ke6 53. Rg6+ Kd5 54. Rxd6+ Kxd6 55. Kxd3 Kc5 56. a3 a5 57. Bd1 Kb5 58. Kc3
a4 59. b3 axb3 60. Kxb3 Ka5 61. Kc4 Ka6 62. Kb4 Kb7 63. Kb5 Ka7 64. Bf3 1-0

[Event "Deutsche Ländermeisterschaft 2016"]
[Site "Hannover GER"]
[Date "2016.10.04"]
[Round "6"]
[White "Ewert, Hannes"]
[Black "Rahnfeld, Jens"]
[Result "1/2-1/2"]
[Termination "normal"]
[Board "9.1"]
[WhiteElo "2132"]
[BlackElo "2265"]
[WhiteTeam "Niedersachsen 2"]
[BlackTeam "Baden 2"]
[PlyCount "98"]
[WhiteFideId "12961574"]
[BlackFideId "12939617"]
[EventCountry "GER"]
[EventRounds "7"]
[EventType "team-swiss"]
[EventDate "2016.09.30"]

1. e4 c5 2. Nf3 d6 3. d4 cxd4 4. Nxd4 Nf6 5. Nc3 a6 6. Be3 e6 7. Bd3 Be7 8. O-O
Qc7 9. f4 O-O 10. Qf3 Nc6 11. Nxc6 Qxc6 12. g4 b5 13. Qh3 Bb7 14. g5 Nd7 15. f5
exf5 16. exf5 Nc5 17. f6 Nxd3 18. cxd3 Bd8 19. fxg7 Re8 20. g6 fxg6 21. Rf8+
Rxf8 22. gxf8=Q+ Kxf8 23. Rf1+ Ke8 24. Ne4 d5 25. Qxh7 Be7 26. Rf7 Qe6 27. Qg8+
Kd7 28. Nc5+ Kd6 29. Nxb7+ Kc7 30. Qxa8 Qxe3+ 31. Kg2 Qe2+ 32. Kg3 Qe1+ 33. Rf2
Bh4+ 34. Kxh4 Qxf2+ 35. Kg5 Qf5+ 36. Kh6 Qh5+ 37. Kg7 Qe5+ 38. Kg8 Qe6+ 39. Kh7
Qe7+ 40. Kh6 Qe3+ 41. Kg7 Qe7+ 42. Kxg6 Qe6+ 43. Kg5 Qe3+ 44. Kg4 Qe6+ 45. Kf3
Qf6+ 46. Ke3 Qe5+ 47. Kf3 Qf6+ 48. Kg2 Qg5+ 49. Kf3 Qf6+ 1/2-1/2

[Event "Deutsche Ländermeisterschaft 2016"]
[Site "Hannover GER"]
[Date "2016.10.04"]
[Round "6"]
[White "Boes, Julian"]
[Black "Peters, Tom"]
[Result "1-0"]
[Termination "normal"]
[Board "9.2"]
[WhiteElo "2114"]
[BlackElo "2065"]
[WhiteTeam "Baden 2"]
[BlackTeam "Niedersachsen 2"]
[PlyCount "61"]
[WhiteFideId "12907723"]
[BlackFideId "24694444"]
[EventCountry "GER"]
[EventRounds "7"]
[EventType "team-swiss"]
[EventDate "2016.09.30"]

1. e4 c5 2. b3 d6 3. Bb2 Nf6 4. Nc3 g6 5. Nd5 Bg7 6. Nxf6+ exf6 7. Bb5+ Nc6 8.
Ne2 O-O 9. Bxc6 bxc6 10. Ng3 h5 11. h4 Re8 12. O-O Bg4 13. f3 Be6 14. Qe1 Bh6
15. Qf2 Bf4 16. Rad1 f5 17. Ne2 Bh6 18. d4 fxe4 19. fxe4 Qc7 20. dxc5 dxc5 21.
Qf6 Kh7 22. Nf4 Bg4 23. Rd6 Rxe4 24. Nxg6 Be6 25. Be5 Qxd6 26. Bxd6 Be3+ 27.
Kh2 Rg8 28. Nf8+ Rxf8 29. Bxf8 Bd4 30. Qg5 Re5 31. Qg7# 1-0

[Event "Deutsche Ländermeisterschaft 2016"]
[Site "Hannover GER"]
[Date "2016.10.04"]
[Round "6"]
[White "Stelmaszyk, Nico"]
[Black "Wiesner, Alexander"]
[Result "1/2-1/2"]
[Termination "normal"]
[Board "9.3"]
[WhiteElo "1828"]
[BlackElo "1822"]
[WhiteTeam "Niedersachsen 2"]
[BlackTeam "Baden 2"]
[PlyCount "107"]
[WhiteFideId "16200462"]
[BlackFideId "12943991"]
[EventCountry "GER"]
[EventRounds "7"]
[EventType "team-swiss"]
[EventDate "2016.09.30"]

1. e4 e6 2. d4 d5 3. exd5 exd5 4. Nf3 Nf6 5. Bd3 Bd6 6. c3 c5 7. dxc5 Bxc5 8.
Qe2+ Be7 9. O-O O-O 10. Bg5 Nc6 11. Qc2 h6 12. Bh4 Bg4 13. Nbd2 Qd7 14. h3 Be6
15. Nb3 Nh5 16. Bxe7 Qxe7 17. Nbd4 Nf4 18. Bf5 Nxd4 19. Nxd4 Qg5 20. f3 Nxh3+
21. Kh2 Nf4 22. Bxe6 Nxe6 23. Nxe6 fxe6 24. Rfe1 Rae8 25. Re2 Qf4+ 26. Kh1 Qd6
27. Qg6 Re7 28. Rae1 Rf6 29. Qg4 e5 30. Qh5 Rfe6 31. Qf5 Rf6 32. Qh5 Rfe6 33.
Qf5 Qb8 34. f4 Rf6 35. Qd3 Rxf4 36. Qxd5+ Kh8 37. Rxe5 Rxe5 38. Qxe5 Qxe5 39.
Rxe5 Rf2 40. Rb5 b6 41. a4 Rc2 42. Kh2 Kh7 43. Kg3 Kg6 44. Kf3 Kf6 45. g3 h5
46. a5 bxa5 47. Rxh5 Rxb2 48. Rxa5 Rc2 49. Ra6+ Kf5 50. Ra5+ Kf6 51. Kf4 Rxc3
52. Ra6+ Kf7 53. Rxa7+ Kf6 54. Ra4 1/2-1/2

[Event "Deutsche Ländermeisterschaft 2016"]
[Site "Hannover GER"]
[Date "2016.10.04"]
[Round "6"]
[White "Helmer, Jan"]
[Black "Chernykh, Arkady"]
[Result "0-1"]
[Termination "normal"]
[Board "9.5"]
[WhiteElo "1784"]
[BlackElo "1800"]
[WhiteTeam "Niedersachsen 2"]
[BlackTeam "Baden 2"]
[PlyCount "82"]
[WhiteFideId "12956686"]
[BlackFideId "12989436"]
[EventCountry "GER"]
[EventRounds "7"]
[EventType "team-swiss"]
[EventDate "2016.09.30"]

1. d4 Nf6 2. Nf3 g6 3. Nc3 d5 4. Bf4 Bg7 5. Qd2 O-O 6. h3 Ne4 7. Nxe4 dxe4 8.
Ne5 c5 9. d5 Nd7 10. Nxd7 Qxd7 11. c4 Rd8 12. f3 exf3 13. gxf3 b5 14. e4 e6 15.
Rd1 f5 16. Be2 fxe4 17. fxe4 exd5 18. Qxd5+ Qxd5 19. cxd5 Re8 20. Bf3 Bf5 21.
d6 Bxe4 22. d7 Bxf3+ 23. Kf2 Bxh1 24. dxe8=Q+ Rxe8 25. Rxh1 Bxb2 26. Be3 Bd4
27. Bxd4 cxd4 28. Rd1 Re4 29. Rc1 Kf7 30. Rc5 d3 31. Rxb5 Re2+ 32. Kf1 Rxa2 33.
Ke1 Kf6 34. Rd5 d2+ 35. Kd1 a5 36. h4 a4 37. Ra5 a3 38. Ra6+ Kf5 39. Ra4 h6 40.
Ra6 g5 41. h5 Kg4 0-1

[Event "Deutsche Ländermeisterschaft 2016"]
[Site "Hannover GER"]
[Date "2016.10.04"]
[Round "6"]
[White "Wu, Luka"]
[Black "Möller, Hannah"]
[Result "0-1"]
[Termination "normal"]
[Board "9.6"]
[WhiteElo "1800"]
[BlackElo "1737"]
[WhiteTeam "Baden 2"]
[BlackTeam "Niedersachsen 2"]
[PlyCount "96"]
[WhiteFideId "12977420"]
[BlackFideId "1270514"]
[EventCountry "GER"]
[EventRounds "7"]
[EventType "team-swiss"]
[EventDate "2016.09.30"]

1. e4 c5 2. Nf3 d6 3. d4 cxd4 4. Nxd4 Nf6 5. Nc3 g6 6. Be3 Bg7 7. f3 O-O 8. Bc4
Nc6 9. Qd2 Bd7 10. O-O-O Ne5 11. Bb3 Rc8 12. h4 Nc4 13. Bxc4 Rxc4 14. Kb1 b5
15. Ndxb5 Qb8 16. Nd4 Rfc8 17. Nce2 e5 18. Nb3 Rxc2 19. Qxc2 Rxc2 20. Kxc2 Be6
21. Nc3 Qc7 22. Kb1 a6 23. Rd2 Bf8 24. Rhd1 Qb7 25. Na1 Nd7 26. Nc2 Nb6 27. Na3
Nc4 28. Nxc4 Bxc4 29. Nd5 Qb5 30. Nc3 Qb7 31. g4 h6 32. Rc1 a5 33. Nd5 Qb5 34.
Nc7 Qa4 35. a3 Qb3 36. Rc3 Qa2+ 37. Kc2 a4 38. Bf2 Be7 39. Na8 Bb3+ 40. Kd3 d5
41. Nb6 Qb1+ 42. Ke2 Bd1+ 43. Kf1 Bxf3+ 44. Be1 Bxh4 45. Rf2 Bxf2 46. Kxf2 Bxe4
47. Nd7 Qxb2+ 48. Kg3 Qg2+ 0-1

[Event "Deutsche Ländermeisterschaft 2016"]
[Site "Hannover GER"]
[Date "2016.10.04"]
[Round "6"]
[White "Abele, Anais"]
[Black "Lohrmann, Tabea"]
[Result "1/2-1/2"]
[Termination "normal"]
[Board "9.7"]
[WhiteElo "1611"]
[BlackElo "1723"]
[WhiteTeam "Niedersachsen 2"]
[BlackTeam "Baden 2"]
[PlyCount "94"]
[WhiteFideId "16208927"]
[BlackFideId "12911941"]
[EventCountry "GER"]
[EventRounds "7"]
[EventType "team-swiss"]
[EventDate "2016.09.30"]

1. e4 e5 2. Nf3 Nc6 3. Bb5 a6 4. Ba4 Nf6 5. O-O Be7 6. Re1 b5 7. Bb3 O-O 8. c3
d5 9. d3 h6 10. h3 dxe4 11. dxe4 Qxd1 12. Bxd1 Bb7 13. Bb3 Bc5 14. Nbd2 Rad8
15. Nf1 Kh7 16. Ng3 g6 17. Be3 Nd7 18. Rad1 f6 19. Bd5 Bxe3 20. Rxe3 Nb6 21.
Red3 Nxd5 22. Rxd5 Rxd5 23. Rxd5 Rd8 24. Rxd8 Nxd8 25. Kf1 Ne6 26. Ne1 Nf4 27.
f3 Kg7 28. b4 Kf7 29. Kf2 Ke7 30. Ke3 Kd6 31. a3 Bc8 32. h4 Be6 33. Nh1 Bc4 34.
Ng3 Ke6 35. Nh1 Kd7 36. Ng3 c5 37. Nh1 Kc6 38. Ng3 Kb6 39. Nh1 cxb4 40. cxb4
Ne2 41. Nc2 Nf4 42. Ne1 Ne6 43. Nc2 a5 44. g3 Nd8 45. Nf2 axb4 46. axb4 Nc6 47.
Nd3 Bb3 1/2-1/2

[Event "Deutsche Ländermeisterschaft 2016"]
[Site "Hannover GER"]
[Date "2016.10.04"]
[Round "6"]
[White "Visvikis, Kassandra"]
[Black "Meijerink, Inken"]
[Result "1-0"]
[Termination "normal"]
[Board "9.8"]
[WhiteElo "1318"]
[BlackElo "1427"]
[WhiteTeam "Baden 2"]
[BlackTeam "Niedersachsen 2"]
[PlyCount "101"]
[WhiteFideId "36052167"]
[BlackFideId "16225465"]
[EventCountry "GER"]
[EventRounds "7"]
[EventType "team-swiss"]
[EventDate "2016.09.30"]

1. e4 c5 2. Nf3 Nc6 3. d4 cxd4 4. Nxd4 g6 5. Nc3 Bg7 6. Be3 d6 7. Bc4 Nf6 8. f3
O-O 9. Qd2 Bd7 10. O-O-O Qc7 11. Bb3 Nxd4 12. Bxd4 b5 13. Bxf6 exf6 14. Qxd6
Qxd6 15. Rxd6 Be8 16. Nd5 a5 17. Nxf6+ Bxf6 18. Rxf6 Bd7 19. Rd1 Ra7 20. Rfd6
Rd8 21. Bd5 Rc8 22. Bxf7+ Kxf7 23. Rxd7+ Rxd7 24. Rxd7+ Kg8 25. Ra7 a4 26. Ra5
Rb8 27. b3 axb3 28. axb3 Kg7 29. c4 bxc4 30. bxc4 Rc8 31. Ra4 Kf6 32. Kc2 Ke5
33. Kd3 Rd8+ 34. Ke3 Rd1 35. c5 Rh1 36. Rc4 Ra1 37. c6 Ra3+ 38. Kd2 Ra8 39. c7
Rc8 40. Ke3 Kd6 41. Kf4 Rxc7 42. Rxc7 Kxc7 43. Kg5 Kd6 44. Kh6 Ke5 45. Kxh7 g5
46. Kh6 g4 47. fxg4 Kxe4 48. g5 Kf4 49. g6 Kg4 50. g7 Kh4 51. Kh7 1-0